|
|
|
|
| LEADER |
01031nam a22002537a 4500 |
| 001 |
41164 |
| 003 |
BD-DhAAL |
| 008 |
230509t2004 ko a|||| |||| 00| 0 kor d |
| 020 |
|
|
|a 9788981441289
|
| 020 |
|
|
|a 8981441286
|
| 040 |
|
|
|a BD-DhAAL
|c BD-DhAAL
|
| 082 |
|
|
|a 153.44
|2 23
|
| 100 |
|
|
|a Mueller-Kainz, Elfrida.
|9 54149
|
| 245 |
|
|
|a The power of intuition that leads to the life I want /
|c Elfrida Mueller-Kainz and Christine Soenning.
|
| 260 |
|
|
|a Seoul :
|b Sia Publishing House,
|c c2004.
|
| 300 |
|
|
|a 399 pages :
|b illustrations ;
|c 23 cm.
|
| 541 |
|
|
|a Complimentary copy from Dr. Sang Hoon Lee, Dean of Brac Business School, Brac University
|e 41164
|
| 650 |
|
|
|a Intuition.
|9 25065
|
| 650 |
|
|
|a Psychology.
|
| 700 |
|
|
|a Soenning, Christine.
|9 54150
|
| 852 |
|
|
|a Ayesha Abed Library
|c General Stacks
|
| 942 |
|
|
|2 ddc
|c BK
|
| 999 |
|
|
|c 45729
|d 45729
|
| 952 |
|
|
|0 0
|1 0
|2 ddc
|4 0
|6 153_440000000000000_MUE
|7 0
|9 73607
|a BRACUL
|b BRACUL
|c GEN
|d 2023-05-09
|e Complimentary copy from Dr. Sang Hoon Lee
|l 0
|o 153.44 MUE
|p 3010041164
|r 2023-05-09
|t 1
|w 2023-05-09
|y BK
|